01530nam a2200361Ia 4500001001200000003000800012006001900020007001500039008004100054010001700095020004200112020001800154040002100172035002100193050002600214082001200240245023200252260002800484300002400512490002400536504005100560533015200611546005000763600004200813600004000855650002600895650003500921655002900956700002300985710001701008856012601025999001701151ebr10608103CaPaEBRm u cr cn|||||||||120719s2012 maua sb 001 0 eng d z 2012023676 z9789004229556 (hardback : alk. paper) z9789004234338 aCaPaEBRcCaPaEBR a(OCoLC)81322281614aPA4229.L6bT68 2012eb04a80822300aTranslations of the sublimeh[electronic resource] :bthe early modern reception and dissemination of Longinus' Peri hupsous in rhetoric, the visual arts, architecture and the theatre /cedited by Caroline van Eck ...[et. al.]. aBoston :bBrill,c2012. axix, 272 p. :bill.0 aIntersections ;v24 aIncludes bibliographical references and index. aElectronic reproduction.bPalo Alto, Calif. :cebrary,d2011.nAvailable via World Wide Web.nAccess may be limited to ebrary affiliated libraries. aContributions in English, French, and German.00aLonginus,d1st cent.tOn the sublime.00aLonginus,d1st cent.xAppreciation. 0aSublime, The, in art. 0aArts, ModernxThemes, motives. 7aElectronic books.2local1 aEck, Caroline van.2 aebrary, Inc.40uhttp://site.ebrary.com/lib/rucke/Doc?id=10608103zAn electronic book accessible through the World Wide Web; click to view c97392d97392